Modifikácia programu automatického ohraňovacieho lisu pre ohýbanie plechu do oblúka
Guardado en:
| Autor principal: | |
|---|---|
| Otros Autores: | |
| Formato: | Manuscrito Libro |
| Lenguaje: | eslovaco |
| Publicado: |
2016
|
| Materias: | |
| Acceso en línea: | http://is.stuba.sk/zp/portal_zp.pl?podrobnosti=119155 |
| Etiquetas: |
Sin Etiquetas, Sea el primero en etiquetar este registro!
|
MARC
| LEADER | 00000ntm a22000003a 4500 | ||
|---|---|---|---|
| 001 | stuzp56120 | ||
| 003 | SK-STU | ||
| 005 | 20160719154918.3 | ||
| 007 | ta | ||
| 008 | 150427s2015----xo-----f-mn---000-0-slo-d | ||
| 040 | |a STU |b slo | ||
| 041 | 0 | |a slo | |
| 100 | 1 | |a Keseli, Tomáš |u 063000 |k Z4 |4 aut |U MTF Materiálovotechnologická fakulta |T MTF Ústav výrobných technológií |X 6977 |U M3000 |Y 83 |7 A000006977 | |
| 242 | 0 | 1 | |a Modification of the program for automated press brake for arch shape bending |y eng |
| 245 | 1 | 0 | |a Modifikácia programu automatického ohraňovacieho lisu pre ohýbanie plechu do oblúka |
| 260 | |c 2016 | ||
| 650 | 4 | |a tvárnenie |2 slo | |
| 650 | 4 | |a ohraňovací lis |2 slo | |
| 650 | 4 | |a NC program |2 slo | |
| 650 | 4 | |a forming |2 eng | |
| 650 | 4 | |a press brake |2 eng | |
| 650 | 4 | |a NC program |2 eng | |
| 700 | 1 | |a Tittel, Viktor |u 063600 |k Z1 |4 ths |U MTF Ústav výrobných technológií |T MTF Katedra obrábania a tvárnenia |X 2213 |U M3600 |Y 841 |7 A000002213 | |
| 856 | 4 | |u http://is.stuba.sk/zp/portal_zp.pl?podrobnosti=119155 | |
| 996 | |c M* DP-12845 |l MMSKP |s P |a 0 |w stuzp56120_0001 | ||
| SQL | |a stuzp56120 |b DDP |c SLO |d Modifikácia programu automatického ohraňovacieho lisu pre ohýbanie plechu do oblúka |e 6977 |f Keseli, Tomáš |g 063000 |h 2213 |i Tittel, Viktor |j 20160608 |k 187 |l 06 |m http://is.stuba.sk/zp/portal_zp.pl?podrobnosti=119155 |n I-PPN |o 5.2.51. výrobné technológie | ||